Statistics for U.S. States Bordering Utah - Map Quiz

Click here to take the quiz!

General Stats

  • This quiz has been taken 205 times
  • The average score is 5 of 6

Answers on the Map

Answers color-coded by a green-red scale on the quiz's map according to % correct below.
 

Answer Stats

Answer% Correct
Nevada
93%
New Mexico
93%
Colorado
92%
Wyoming
91%
Arizona
89%
Idaho
86%

Score Distribution

Percentile by Number Answered

Percent of People with Each Score

Your Score History

You have not taken this quiz